| 000 | 02881cam a22005537a 4500 | ||
|---|---|---|---|
| 003 | CHAP | ||
| 005 | 20220329135802.0 | ||
| 008 | 971013s1994 r 00010 d | ||
| 010 | _a42101 | ||
| 011 | _a43073 | ||
| 020 | _a970-13-0419-5 | ||
| 020 | _a970-13-0421-7 | ||
| 020 | _a970-13-0422-5 | ||
| 020 | _a970-13-0424-1 | ||
| 020 | _a970-13-0425-X | ||
| 020 | _a970-13-0426-8 | ||
| 020 | _a9701304233 | ||
| 035 | _a47209 | ||
| 040 | _cCHAP | ||
| 082 |
_a312.0972 _bM48 1990 Chis. |
||
| 110 |
_aInstituto Nacional de Estadística, Geografía e Informática. México _959304 |
||
| 245 | 0 |
_aCenso general de población y vivienda (11o) 1990 : Chiapas : perfíl sociodemográfico _c/por Instituto Nacional de Estadística Geografía e Informática |
|
| 260 |
_aAguascalientes, Ags. : _bInstituto Nacional de Estadística Geografía e Informática, _c199- |
||
| 300 |
_av. _b: gráfs. |
||
| 500 | _aLa biblioteca tiene : v.1 Región Altos de Chiapas, v.2 Región Sierra de Chiapas, v.3 Región Soconusco de Chiapas, v.4 Región Selva de Chiapas, v.5 Región Frontera de Chiapas, v.6 Región Frailesca de Chiapas, v.7 Región Centro de Chiapas | ||
| 590 |
_aBATCH-UPD _b10 _c20130110 _lUCH01 _h2049 |
||
| 590 |
_aBATCH-UPD _b10 _c20130410 _lUCH01 _h1402 |
||
| 590 |
_aBATCH-UPD _b10 _c20130914 _lUCH01 _h1822 |
||
| 590 |
_aCONVERSION _b10 _c20130109 _lUCH01 _h1323 |
||
| 650 | 1 | 4 |
_aMéxico _xCensos (1990) _976661 |
| 650 | 1 | 4 |
_aPoblación _xEstadísticas _zChiapas. _989374 |
| 650 | 1 | 4 |
_aVivienda _xChiapas. _9120124 |
| 901 | _aBK | ||
| 905 | _aAlejandra Carrasco M. | ||
| 942 | _cLIBRO | ||
| 949 |
_a312.0972 M48 1990 Chis. _bBC _cINEGI _d33724000467098 _eINEGI _fv.5 _h88881 _i47209 _sb |
||
| 949 |
_a312.0972 M48 1990 Chis. _bBC _cINEGI _d33724000467270 _eINEGI _fv.7 _h88879 _i47209 _sb |
||
| 949 |
_a312.0972 M48 1990 Chis. _bBC _cINEGI _d33724000467759 _eINEGI _fv.1 _h88878 _i47209 _sb |
||
| 949 |
_a312.0972 M48 1990 Chis. _bBC _cINEGI _d33724000467767 _eINEGI _fv.2 _h88883 _i47209 _sb |
||
| 949 |
_a312.0972 M48 1990 Chis. _bBC _cINEGI _d33724000486122 _eINEGI _fv.4 _h88882 _i47209 _sb |
||
| 949 |
_a312.0972 M48 1990 Chis. _bBC _cINEGI _d33724000486528 _eINEGI _fv.3 _h88884 _i47209 _sb |
||
| 949 |
_a312.0972 M48 1990 Chis. _bBC _cINEGI _d33724000535753 _eINEGI _fv.6 _h88880 _i47209 _sb |
||
| 949 |
_a312.0972 M48 1990 Chis. _bBC _cINEGI _d33724000847786 _eINEGI _fv.7 c.2 _h101785 _i47209 _sb |
||
| 949 |
_a312.0972 M48 1990 Chis. _bBC _cINEGI _d33724000847844 _eINEGI _fv.5 c.2 _h101786 _i47209 _sb |
||
| 949 |
_a312.0972 M48 1990 Chis. _bBC _cINEGI _d33724000847885 _eINEGI _fv.1 c.2 _gDonaciØn _h101779 _i47209 _sb |
||
| 949 |
_a312.0972 M48 1990 Chis. _bBC _cINEGI _d33724000847893 _eINEGI _fv.4 c.2 _h101787 _i47209 _sb |
||
| 949 |
_a312.0972 M48 1990 Chis. _bBC _cINEGI _d33724000847901 _eINEGI _fv.3 c.2 _h101789 _i47209 _sb |
||
| 949 |
_a312.0972 M48 1990 Chis. _bBC _cINEGI _d33724000847950 _eINEGI _fv.2 c.2 _h101788 _i47209 _sb |
||
| 999 |
_c42101 _d42101 |
||